00494 2200193 4500001002100000005001500021035002000036008004100056245007200097100001900169250000600188260003400194300001200228084001400240082000800254650001400262990001200276990001200288INLIS00000000000007520240502103553 a0010-0424000051240502 0 ind 1 aBuku Guru Biologi 3 Edisi Revisi ( Dunia Biologi ) /cSri Pujiyanto aPujiyanto, Sri a1 aSolo :bTiga Serangkai,c2016 a194 hlm a574 SRI b a574 4aNon Fiksi a0737263 a0737264